01179nam a2200253 4500001001400000005001700014008004100031020003500072040002500107041001300132044001100145100002000156240005900176245031200235246006800547246012900615264003600744300002300780336002600803337002900829338002900858490001400887700002400901vtls01189163120200129125319.0191004s2019 xo f n 000 0 slo c a9788081093746q(brožované) aPPPKbslocPPPKerda1 asloheng axocSK1 aMorin, Amy4aut10a13 things mentaly strong parents don’t dolSlovensky10a13 vecí, ktoré psychicky silní rodičia nerobiabako vychovať sebaisté, vyrovnané deti a nastaviť ich myslenie na šťastný, zmysluplný a úspešný životcAmy Morin ; z anglického originálu Amy Morin - 13 things mentaly strong parents don’t do ... preložila Marianna Secci30aTrinásť vecí, ktoré psychicky silní rodičia nerobia30aAko vychovať sebaisté, vyrovnané deti a nastaviť ich myslenie na šťastný, zmysluplný a úspešný život 1aBratislavabEastone Booksc2019 a322 stránc21 cm atextbtxt2rdacontent abez médiabn2rdamedia azväzokbnc2rdacarrier1 aOpen Mind1 aSecci, Mariana4trl